Mapa de los ecosistemas de la cuenca hidrográfica del río Savegre, Costa Rica (Registro nro. 13354)
[ vista simple ]
| 000 -CABECERA | |
|---|---|
| campo de control de longitud fija | 00519nem a22001937a 4500 |
| 005 - FECHA Y HORA DE ACTUALIZACIÓN | |
| campo de control | 20220505092803.0 |
| 008 - LONGITUD FIJA | |
| campo de control de longitud fija | 190801b xxu||||| |||| 00| 0 spa d |
| 041 ## - IDIOMA | |
| Código de idioma del texto/pista de sonido o título separado | |
| 082 ## - CLASIFICACIÓN DECIMAL DEWEY | |
| Número de clasificación | Mapas |
| 245 ## - TÍTULO PROPIAMENTE DICHO | |
| Título | Mapa de los ecosistemas de la cuenca hidrográfica del río Savegre, Costa Rica |
| 260 ## - PIE DE IMPRENTA | |
| Lugar de publicación, distribución, etc. | Costa Rica |
| 260 ## - PIE DE IMPRENTA | |
| Nombre del editor, distribuidor, etc. | INBIO |
| 650 ## - Materia General | |
| Materia general | COSTA RICA |
| 650 ## - Materia General | |
| Materia general | MAPA |
| 650 ## - Materia General | |
| Materia general | CUENCA HIDROGRÁFICA |
| 650 ## - Materia General | |
| Materia general | RÍO SAVEGRE |
| 650 ## - Materia General | |
| Materia general | ECOSISTEMAS |
| 942 ## - Punto de Acceso Adicional Koha | |
| Tipo de ítem Koha | Mapa |
| Estado perdido | Estado dañado | No para préstamo | Biblioteca permanente | Biblioteca actual | Signatura completa | Código de barras | Precio efectivo a partir del | Tipo de ítem |
|---|---|---|---|---|---|---|---|---|
| Departamento de Biblioteca y Documentación Alfonso Chase Brenes | Departamento de Biblioteca y Documentación Alfonso Chase Brenes | Mapas | MCHRS01 | 05/05/2022 | Mapa |